Sikh sacred music. (Record no. 79662)

MARC details
000 -LEADER
fixed length control field 00571cam a22002171 4500
001 - CONTROL NUMBER
control field sa 68003665
003 - CONTROL NUMBER IDENTIFIER
control field DLC
005 - DATE AND TIME OF LATEST TRANSACTION
control field 20260227112455.0
008 - FIXED-LENGTH DATA ELEMENTS--GENERAL INFORMATION
fixed length control field 710903s1967 ii b 000 0 eng
010 ## - LIBRARY OF CONGRESS CONTROL NUMBER
LC control number sa 68003665
025 ## - OVERSEAS ACQUISITION NUMBER
Overseas acquisition number PL480:I-E-8752
040 ## - CATALOGING SOURCE
Original cataloging agency DLC
Transcribing agency DLC
Modifying agency DLC
043 ## - GEOGRAPHIC AREA CODE
Geographic area code a-ii---
050 00 - LIBRARY OF CONGRESS CALL NUMBER
Classification number ML338
Item number .S56
245 00 - TITLE STATEMENT
Title Sikh sacred music.
260 ## - PUBLICATION, DISTRIBUTION, ETC.
Place of publication, distribution, etc. New Delhi,
Name of publisher, distributor, etc. Sikh Sacred Music Society
Date of publication, distribution, etc. [1967]
300 ## - PHYSICAL DESCRIPTION
Extent 90 p.
Dimensions 20 cm.
350 ## - PRICE (NR) (BK AM CF MU VM SE) [OBSOLETE]
Price Rs4
-- $1.20
504 ## - BIBLIOGRAPHY, ETC. NOTE
Bibliography, etc. note Bibliography: p. 89-90.
650 #0 - SUBJECT ADDED ENTRY--TOPICAL TERM
Topical term or geographic name entry element Hindustani music
General subdivision History and criticism.

No items available.

Powered by Koha